|
|
|
|
| LEADER |
00000nam0a2200000 4500 |
| 001 |
161391 |
| 005 |
20231031155908.0 |
| 010 |
|
|
|a 9785699317127
|
| 035 |
|
|
|a (RuTPU)RU\TPU\book\175006
|
| 090 |
|
|
|a 161391
|
| 100 |
|
|
|a 20090608d2008 m y0rusy50 ca
|
| 101 |
0 |
|
|a rus
|
| 102 |
|
|
|a RU
|
| 105 |
|
|
|a y z 000ay
|
| 200 |
1 |
|
|a Хранитель Чаши Грааля
|e роман
|f Н. Н. Александрова
|
| 210 |
|
|
|a Москва
|c Эксмо
|d 2008
|
| 215 |
|
|
|a 348 с.
|
| 225 |
1 |
|
|a Артефакт-детектив
|
| 330 |
|
|
|a Реставратор с мировым именем Дмитрий Старыгин по зашифрованным указаниям своего испанского коллеги Педро Мендеса находит Книгу Тайн. Записи древнего фолианта может прочесть лишь избранный, независимо от того, на каком языке говорит. Вместе с ученицей Мендеса Марией — девушкой с золотыми глазами — Дмитрий начинает поиски древнейшего артефакта, описанного в Книге Тайн, — Чаши Грааля, дающей исключительное могущество своему владельцу. Однако на пути Старыгина встает потомок половецких ханов, жаждущий завладеть ею, а значит, и всем миром. Отравив Марию смертельным ядом, он требует найти Чашу в обмен на противоядие...
|
| 610 |
1 |
|
|a русская литература
|
| 610 |
1 |
|
|a детективы
|
| 610 |
1 |
|
|a история
|
| 675 |
|
|
|a Р2
|v 3
|
| 700 |
|
1 |
|a Александрова
|b Н. Н.
|g Наталья Николаевна
|
| 801 |
|
1 |
|a RU
|b 63413507
|c 20090608
|g PSBO
|
| 801 |
|
2 |
|a RU
|b 63413507
|c 20090911
|g RCR
|
| 942 |
|
|
|c BK
|
| 959 |
|
|
|a 66/20090608
|d 1
|e 153,89
|f ХФ:1
|